000
00278nam a2200121Ia 4500
005
20251222143215.0
008
251222s9999||||xx |||||||||||||| ||spa||
082
_a
425.03/S65
100
_a
Soars, John
245
0
_a
Headway:
264
_b
Oxford University Press
942
_c
LIB
999
_c
13600
_d
13600